<?xml version="1.0" encoding="UTF-8"?>
<record
    xmlns:xsi="http://www.w3.org/2001/XMLSchema-instance"
    xsi:schemaLocation="http://www.loc.gov/MARC21/slim http://www.loc.gov/standards/marcxml/schema/MARC21slim.xsd"
    xmlns="http://www.loc.gov/MARC21/slim">

  <leader>01284nam a2200229 i 4500</leader>
  <controlfield tag="001">51669</controlfield>
  <controlfield tag="003">ES-MaACL</controlfield>
  <controlfield tag="005">20230906162415.0</controlfield>
  <controlfield tag="007">t|</controlfield>
  <controlfield tag="008">030814s1982    sp           ||||1| spa d</controlfield>
  <datafield tag="100" ind1="0" ind2=" ">
    <subfield code="a">Ch&#xE2;telet, Fran&#xE7;ois.</subfield>
    <subfield code="9">38187</subfield>
  </datafield>
  <datafield tag="245" ind1="1" ind2="0">
    <subfield code="a">Historia de la filosof&#xED;a </subfield>
    <subfield code="b">: ideas, doctrinas / </subfield>
    <subfield code="c">por Fran&#xE7;ois Chatelet ; traducci&#xF3;n del franc&#xE9;s por Victorio Peral Dom&#xED;nguez, Mar&#xED;a Luisa P&#xE9;rez Torres, Francisco Javier Aguirre Gonz&#xE1;lez.</subfield>
  </datafield>
  <datafield tag="250" ind1=" " ind2=" ">
    <subfield code="a">2&#xAA; ed.</subfield>
  </datafield>
  <datafield tag="260" ind1=" " ind2=" ">
    <subfield code="a">Madrid : </subfield>
    <subfield code="b">Espasa-Calpe, </subfield>
    <subfield code="c">1982.</subfield>
  </datafield>
  <datafield tag="300" ind1=" " ind2=" ">
    <subfield code="a">4 v. ; </subfield>
    <subfield code="c">23 cm.</subfield>
  </datafield>
  <datafield tag="505" ind1="8" ind2=" ">
    <subfield code="a">Contiene: La filosof&#xED;a pagana : (del siglo VI a.c. al siglo III d.c.). La filosof&#xED;a medieval : (del siglo I al siglo XV). -- T. II: La filosof&#xED;a del mundo moderno : (siglos XVI y XVIII). Los ilustrados (el siglo XVIII). -- T. III: La filosof&#xED;a y la historia : (1780-1880). La filosof&#xED;a del mundo cient&#xED;fico e industrial : (1860-1940). -- T. IV: La filosof&#xED;a de las ciencias sociales (de 1860 a nuestros d&#xED;as). Historia de la filosof&#xED;a (el siglo XX)</subfield>
  </datafield>
  <datafield tag="650" ind1=" " ind2="4">
    <subfield code="a">Filosof&#xED;a-</subfield>
    <subfield code="v">Historia.</subfield>
    <subfield code="9">158248</subfield>
  </datafield>
  <datafield tag="700" ind1="1" ind2=" ">
    <subfield code="a">Peral Dom&#xED;nguez, Victorio.</subfield>
    <subfield code="9">90355</subfield>
  </datafield>
  <datafield tag="700" ind1="1" ind2=" ">
    <subfield code="a">P&#xE9;rez Torres, Mar&#xED;a Luisa.</subfield>
    <subfield code="9">91178</subfield>
  </datafield>
  <datafield tag="700" ind1="1" ind2=" ">
    <subfield code="a">Aguirre Gonz&#xE1;lez, Francisco Javier.</subfield>
    <subfield code="9">18877</subfield>
  </datafield>
  <datafield tag="852" ind1=" " ind2=" ">
    <subfield code="a">ES-MaACL</subfield>
    <subfield code="j">L-2767-70 </subfield>
    <subfield code="b">R.103625</subfield>
  </datafield>
  <datafield tag="999" ind1=" " ind2=" ">
    <subfield code="c">51669</subfield>
    <subfield code="d">51669</subfield>
  </datafield>
  <datafield tag="952" ind1=" " ind2=" ">
    <subfield code="0">0</subfield>
    <subfield code="1">0</subfield>
    <subfield code="4">0</subfield>
    <subfield code="7">0</subfield>
    <subfield code="a">ATENEOM</subfield>
    <subfield code="b">ATENEOM</subfield>
    <subfield code="c">DEPO2</subfield>
    <subfield code="d">2008-01-17</subfield>
    <subfield code="e">SC</subfield>
    <subfield code="l">0</subfield>
    <subfield code="o">L-2767-70</subfield>
    <subfield code="p">1054335</subfield>
    <subfield code="r">2023-02-23 00:00:00</subfield>
    <subfield code="w">2023-02-23</subfield>
    <subfield code="y">MONOGRAFIA</subfield>
  </datafield>
</record>
